[Event "CRO-chT2 West"]
[Site "Croatia"]
[Date "2015.03.22"]
[Round "5.6"]
[White "Kukurin, Luka"]
[Black "Alavanja, Denis"]
[Result "1-0"]
[WhiteElo "1947"]
[BlackElo "1735"]
[PlyCount "71"]
[EventDate "2015.02.21"]
[EventType "team-tourn"]
[EventRounds "9"]
[EventCountry "CRO"]
[SourceTitle "EXT 2016"]
[Source "ChessBase"]
[SourceDate "2015.10.08"]
[SourceVersion "1"]
[SourceVersionDate "2015.10.08"]
[SourceQuality "1"]
[WhiteTeam "Porec Gortan"]
[BlackTeam "Mali Losinj"]
[WhiteTeamCountry "CRO"]
[BlackTeamCountry "CRO"]

1. e4 e5 2. Nf3 Nc6 3. d4 exd4 4. Nxd4 Bc5 5. Nb3 Bb6 6. Nc3 Qf6 7. Qd2 Nge7 8. Qf4 Qxf4 9. Bxf4 Ng6 10. Bg3 d6 11. a4 a6 12. Nd5 Nge5 13. a5 Bxf2+ 14. Bxf2 Kd8 15. Be2 Bg4 16. Bxg4 Nxg4 17. 0-0 Nxf2 18. Rxf2 f6 19. c3 Re8 20. Re1 Ne5 21. Nd4 Nd3 22. Re3 Nxf2 23. Kxf2 Kd7 24. Rg3 Rg8 25. Nf5 Raf8 26. Nh6 gxh6 27. Rxg8 Rf7 28. Rb8 Kc6 29. g4 h5 30. h3 hxg4 31. hxg4 h5 32. gxh5 f5 33. Nb4+ Kb5 34. Rxb7+ Kxa5 35. Nc6+ Ka4 36. Rb4# 1-0

[Event "CRO-chT2 West"]
[Site "Croatia"]
[Date "2015.03.21"]
[Round "4.6"]
[White "Nastic, Milorad"]
[Black "Kukurin, Luka"]
[Result "0-1"]
[WhiteElo "1912"]
[BlackElo "1947"]
[PlyCount "102"]
[EventDate "2015.02.21"]
[EventType "team-tourn"]
[EventRounds "9"]
[EventCountry "CRO"]
[SourceTitle "EXT 2016"]
[Source "ChessBase"]
[SourceDate "2015.10.08"]
[SourceVersion "1"]
[SourceVersionDate "2015.10.08"]
[SourceQuality "1"]
[WhiteTeam "Rijeka Kvarner"]
[BlackTeam "Porec Gortan"]
[WhiteTeamCountry "CRO"]
[BlackTeamCountry "CRO"]

1. e4 c5 2. Nf3 d6 3. Bb5+ Nd7 4. e5 a6 5. Bxd7+ Qxd7 6. exd6 Qxd6 7. 0-0 Nf6 8. h3 e6 9. b3 Be7 10. Bb2 0-0 11. Re1 b5 12. d3 Bb7 13. Nbd2 Rfd8 14. a4 Qc6 15. Qe2 h6 16. axb5 axb5 17. Rxa8 Rxa8 18. Ra1 Rxa1+ 19. Bxa1 Nd5 20. Qe5 f6 21. Qb8+ Kh7 22. Qa7 Nb4 23. Bc3 Nxc2 24. Qa2 Nb4 25. Bxb4 cxb4 26. Qb1 Kg8 27. Kf1 f5 28. d4 Bg5 29. Qd3 Qc1+ 30. Ke2 Bxd2 31. Nxd2 Bxg2 32. Qxb5 Qc3 33. Qe8+ Kh7 34. Qxe6 Qxh3 35. d5 f4 36. Qf7 Qg4+ 37. Kd3 Qh3+ 38. Ke2 Qg4+ 39. Kd3 Qg6+ 40. Qxg6+ Kxg6 41. Kd4 Kf6 42. f3 h5 43. Ne4+ Ke7 44. Ke5 Bxf3 45. Ng5 Bxd5 46. Kxd5 Kf6 47. Nh3 Kf5 48. Nf2 f3 49. Kc4 Kf4 50. Kxb4 Ke3 51. Nh1 f2 0-1

[Event "CRO-ch U19"]
[Site "Sveti Martin "]
[Date "2014.07.26"]
[Round "1"]
[White "Ivekovic, Bozidar1111"]
[Black "Kukurin, Luka"]
[Result "1-0"]
[WhiteElo "2317"]
[BlackElo "1994"]
[PlyCount "75"]
[EventDate "2014.07.26"]
[EventType "swiss"]
[EventRounds "9"]
[EventCountry "CRO"]
[SourceTitle "EXT 2015"]
[Source "ChessBase"]
[SourceDate "2014.11.20"]
[SourceVersion "1"]
[SourceVersionDate "2014.11.20"]
[SourceQuality "1"]

1. d4 Nf6 2. c4 e6 3. Nf3 Bb4+ 4. Nbd2 0-0 5. a3 Bxd2+ 6. Qxd2 b6 7. g3 Bb7 8. Bg2 d6 9. 0-0 Nbd7 10. b4 Qe7 11. Bb2 h6 12. Rfe1 Be4 13. Qc3 c6 14. Bh3 Bh7 15. Nd2 d5 16. f3 Bf5 17. Bg2 Rac8 18. e4 Bh7 19. exd5 cxd5 20. c5 Rfe8 21. c6 Nf8 22. b5 Rb8 23. a4 Rec8 24. Bf1 Ne8 25. a5 Qc7 26. axb6 axb6 27. Ra6 Ra8 28. Rea1 Rxa6 29. Rxa6 Qb8 30. Qa3 Ng6 31. Ra7 Qd6 32. Qxd6 Nxd6 33. Rd7 Ne8 34. Rb7 Ra8 35. Rxb6 Ra2 36. Rb8 Kf8 37. c7 Ne7 38. Bc3 1-0

[Event "Pula op 28th"]
[Site "Pula"]
[Date "2014.06.07"]
[Round "1"]
[White "Jovanic, Ognjen"]
[Black "Kukurin, Luka"]
[Result "1-0"]
[WhiteElo "2489"]
[BlackElo "1977"]
[PlyCount "71"]
[EventDate "2014.06.07"]
[EventType "swiss"]
[EventRounds "9"]
[EventCountry "CRO"]
[SourceTitle "CBM 160 Extra"]
[Source "ChessBase"]
[SourceDate "2014.07.01"]
[SourceVersion "1"]
[SourceVersionDate "2014.07.01"]
[SourceQuality "1"]

1. d4 Nf6 2. c4 e6 3. Nf3 Bb4+ 4. Nbd2 0-0 5. a3 Bxd2+ 6. Bxd2 d6 7. Qc2 Nbd7 8. Bg5 c5 9. e3 Qa5+ 10. Qd2 Qxd2+ 11. Nxd2 Re8 12. dxc5 Nxc5 13. f3 a5 14. 0-0-0 Bd7 15. Kb1 Ba4 16. Rc1 Nfd7 17. Rc3 Bc6 18. b3 Reb8 19. Be7 Nf6 20. Bxd6 Rd8 21. Bxc5 Rxd2 22. Rc2 Ne4 23. Bb6 Rd1+ 24. Rc1 Nd2+ 25. Kc2 Rxc1+ 26. Kxc1 Nxb3+ 27. Kb2 a4 28. Be2 Kf8 29. Rd1 Ke7 30. Kc3 Bd7 31. Kb4 f6 32. Bd3 g5 33. c5 h6 34. Be4 Rb8 35. Bc7 Rc8 36. Bd6+ 1-0

[Event "CRO-chT U20 23rd"]
[Site "Sv Filip i Jakov"]
[Date "2014.04.18"]
[Round "9.3"]
[White "Kukurin, Luka"]
[Black "Ostovic, Matija"]
[Result "0-1"]
[WhiteElo "1979"]
[BlackElo "2320"]
[PlyCount "22"]
[EventDate "2014.04.14"]
[EventType "team-tourn"]
[EventRounds "11"]
[EventCountry "CRO"]
[SourceTitle "EXT 2016"]
[Source "ChessBase"]
[SourceDate "2015.10.08"]
[SourceVersion "1"]
[SourceVersionDate "2015.10.08"]
[SourceQuality "1"]

1. e4 d6 2. d4 Nf6 3. Nc3 Nbd7 4. Nf3 e5 5. Rg1 c6 6. g4 h6 7. g5 hxg5 8. Bxg5 Qb6 9. b3 exd4 10. Nxd4 Ne5 11. Na4 Qxd4 0-1

[Event "CRO-chT U20 23rd"]
[Site "Sv Filip i Jakov"]
[Date "2014.04.16"]
[Round "6.6"]
[White "Safar, Sandro"]
[Black "Kukurin, Luka"]
[Result "0-1"]
[WhiteElo "1699"]
[BlackElo "1979"]
[PlyCount "94"]
[EventDate "2014.04.14"]
[EventType "team-tourn"]
[EventRounds "11"]
[EventCountry "CRO"]
[SourceTitle "EXT 2016"]
[Source "ChessBase"]
[SourceDate "2015.10.08"]
[SourceVersion "1"]
[SourceVersionDate "2015.10.08"]
[SourceQuality "1"]

1. e4 c5 2. Nf3 d6 3. d4 cxd4 4. Nxd4 Nf6 5. Nc3 a6 6. Be3 e5 7. Nb3 Be6 8. Bd3 Be7 9. 0-0 Nbd7 10. f4 Ng4 11. Bf2 Nxf2 12. Rxf2 exf4 13. Rxf4 Bf6 14. Qe1 Be5 15. Rf1 0-0 16. Nd2 Qb6+ 17. Kh1 Qxb2 18. Nd5 Qxa1 19. Ne7+ Kh8 20. Qxa1 Bxa1 21. Rxa1 Rfe8 22. Nf5 Bxf5 23. exf5 Nc5 24. Bc4 Kg8 25. h4 Ne4 26. Nf1 Re5 27. Kh2 Rc8 28. Bb3 Nc5 29. Bc4 b5 30. Bb3 a5 31. a4 Nxb3 32. cxb3 bxa4 33. Rxa4 h5 34. Ng3 Rb8 35. Ne4 Rxb3 36. Nxd6 Rb4 37. Ra1 Rxh4+ 38. Kg1 Rd4 39. Nc8 Kf8 40. Nb6 Rxf5 41. Na4 Rd2 42. Kh2 Rff2 43. Rg1 g5 44. Nc3 f5 45. Nd1 Rfe2 46. Nc3 Re3 47. Nd1 Red3 0-1

[Event "Porec op"]
[Site "Porec"]
[Date "2013.12.07"]
[Round "6"]
[White "Pahljina, Marko"]
[Black "Kukurin, Luka"]
[Result "0-1"]
[WhiteElo "1544"]
[BlackElo "1895"]
[PlyCount "52"]
[EventDate "2013.12.05"]
[EventType "swiss"]
[EventRounds "7"]
[EventCountry "CRO"]
[SourceTitle "CBM 157 Extra"]
[Source "ChessBase"]
[SourceDate "2013.12.19"]
[SourceVersion "1"]
[SourceVersionDate "2013.12.19"]
[SourceQuality "1"]

1. d4 Nf6 2. Nf3 d5 3. e3 Bg4 4. c4 e6 5. Nc3 c6 6. Be2 Nbd7 7. 0-0 Bd6 8. a3 a5 9. b3 0-0 10. Bb2 Qe7 11. c5 Bc7 12. b4 e5 13. Nd2 Bxe2 14. Nxe2 e4 15. Qb3 a4 16. Qc2 Ng4 17. h3 Nh6 18. Nc3 f5 19. Nxa4 f4 20. Nc3 Nf5 21. b5 fxe3 22. bxc6 bxc6 23. Nb3 exf2+ 24. Rxf2 Qh4 25. Ne2 Ne3 26. Rxf8+ Rxf8 0-1

[Event "Porec op"]
[Site "Porec"]
[Date "2013.12.06"]
[Round "3"]
[White "Kukurin, Luka"]
[Black "Kruselj, Danijel"]
[Result "1-0"]
[WhiteElo "1895"]
[BlackElo "2073"]
[PlyCount "67"]
[EventDate "2013.12.05"]
[EventType "swiss"]
[EventRounds "7"]
[EventCountry "CRO"]
[SourceTitle "CBM 157 Extra"]
[Source "ChessBase"]
[SourceDate "2013.12.19"]
[SourceVersion "1"]
[SourceVersionDate "2013.12.19"]
[SourceQuality "1"]

1. e4 c5 2. b3 d6 3. Bb2 Nf6 4. Bb5+ Bd7 5. Bxd7+ Qxd7 6. d3 g6 7. Bxf6 exf6 8. Nc3 Bg7 9. Nge2 0-0 10. Qd2 f5 11. 0-0 Nc6 12. Rad1 a6 13. Nd5 Rae8 14. Ng3 fxe4 15. dxe4 b5 16. Qg5 Qd8 17. f4 Qxg5 18. fxg5 Rd8 19. c3 Be5 20. Ne2 Kg7 21. Nef4 a5 22. Nd3 b4 23. Nxe5 Nxe5 24. Rd2 bxc3 25. Nxc3 Nc6 26. Nb5 Rfe8 27. Nxd6 Re6 28. Rxf7+ Kg8 29. Rf6 Nd4 30. Rxe6 Nxe6 31. h4 Nd4 32. Nc4 Kf7 33. Rf2+ Ke7 34. Nxa5 1-0

[Event "CRO-ch U17"]
[Site "Vukovar"]
[Date "2013.07.27"]
[Round "8"]
[White "Kolic, Ivan"]
[Black "Kukurin, Luka"]
[Result "1/2-1/2"]
[WhiteElo "1791"]
[BlackElo "1916"]
[PlyCount "62"]
[EventDate "2013.07.22"]
[EventType "swiss"]
[EventRounds "9"]
[EventCountry "CRO"]
[SourceTitle "EXT 2014"]
[Source "ChessBase"]
[SourceDate "2013.11.20"]
[SourceVersion "1"]
[SourceVersionDate "2013.11.20"]
[SourceQuality "1"]

1. d4 Nf6 2. c4 e6 3. g3 d5 4. Bg2 dxc4 5. Qa4+ Nbd7 6. Nf3 a6 7. Qxc4 b5 8. Qc2 Bb7 9. 0-0 Be7 10. Bf4 Be4 11. Qxc7 Qxc7 12. Bxc7 Rc8 13. Bf4 Rc2 14. b3 0-0 15. Nbd2 Ba8 16. Rfc1 Rfc8 17. Rxc2 Rxc2 18. Ne1 Rc8 19. Bxa8 Rxa8 20. Rc1 Nd5 21. Nd3 g5 22. Be3 b4 23. Ne4 f5 24. Nec5 Nxc5 25. Nxc5 Nc3 26. Rc2 Kf7 27. Nd7 a5 28. Nb6 Rd8 29. Nc4 Ra8 30. Nb6 Rd8 31. Nc4 Ra8 1/2-1/2

[Event "CRO-ch U17"]
[Site "Vukovar"]
[Date "2013.07.24"]
[Round "4"]
[White "Matanovic, Luka"]
[Black "Kukurin, Luka"]
[Result "0-1"]
[WhiteElo "2015"]
[BlackElo "1916"]
[PlyCount "144"]
[EventDate "2013.07.22"]
[EventType "swiss"]
[EventRounds "9"]
[EventCountry "CRO"]
[SourceTitle "EXT 2014"]
[Source "ChessBase"]
[SourceDate "2013.11.20"]
[SourceVersion "1"]
[SourceVersionDate "2013.11.20"]
[SourceQuality "1"]

1. e4 e5 2. Nf3 Nc6 3. Bb5 Nf6 4. 0-0 Nxe4 5. d4 Nd6 6. Bxc6 dxc6 7. dxe5 Nf5 8. Qxd8+ Kxd8 9. Nc3 Bd7 10. Ne4 h6 11. c4 b6 12. b3 Kc8 13. Bb2 c5 14. Nc3 Nd4 15. Nd2 g5 16. Nd5 Bg7 17. f4 gxf4 18. Nf3 Ne6 19. Rad1 Re8 20. Nh4 Nd4 21. Bxd4 cxd4 22. Rxf4 Bxe5 23. Rxf7 Bg4 24. Rd2 Bd6 25. Nf6 Re2 26. Rxe2 Bxe2 27. Ne4 Bb4 28. Kf2 Bd3 29. Nf6 Kb7 30. Nd5 Rf8 31. Rxf8 Bxf8 32. Nf3 c5 33. Nd2 Bd6 34. h3 Kc6 35. a4 Be5 36. Kf3 a6 37. Kg4 Be2+ 38. Kf5 Bg3 39. Nf6 b5 40. axb5+ axb5 41. Nfe4 Be1 42. g4 Bd3 43. g5 hxg5 44. Kxg5 bxc4 45. bxc4 Bxd2+ 46. Nxd2 Kb6 47. h4 Ka5 48. h5 Kb4 49. Kf4 Bh7 50. Kf3 Kc3 51. Ke2 Bd3+ 52. Kd1 Bf5 53. h6 Kd3 54. Ke1 Ke3 55. Kd1 Kd3 56. Ke1 Ke3 57. Kd1 Bg6 58. Ke1 Bc2 59. Nb3 Bxb3 60. h7 d3 61. h8Q d2+ 62. Kf1 d1Q+ 63. Kg2 Qf3+ 64. Kh2 Qf4+ 65. Kg2 Qxc4 66. Qh6+ Kd3 67. Qh3+ Kc2 68. Qf5+ Kb2 69. Qf6+ Qd4 70. Qb6 Kc2 71. Qg6+ Qd3 72. Qh5 Qd5+ 0-1

[Event "CRO-ch U17"]
[Site "Vukovar"]
[Date "2013.07.23"]
[Round "3"]
[White "Kukurin, Luka"]
[Black "Bosnjak, Petar"]
[Result "1/2-1/2"]
[WhiteElo "1916"]
[BlackElo "2140"]
[PlyCount "107"]
[EventDate "2013.07.22"]
[EventType "swiss"]
[EventRounds "9"]
[EventCountry "CRO"]
[SourceTitle "EXT 2014"]
[Source "ChessBase"]
[SourceDate "2013.11.20"]
[SourceVersion "1"]
[SourceVersionDate "2013.11.20"]
[SourceQuality "1"]

1. e4 d6 2. d4 Nf6 3. Nc3 e5 4. Nf3 Nbd7 5. Bc4 Be7 6. Be3 0-0 7. a4 c6 8. Bd3 Ng4 9. Bd2 Bf6 10. d5 Be7 11. a5 Ngf6 12. Bc4 cxd5 13. Bxd5 Nxd5 14. Nxd5 Nc5 15. Qe2 Bg4 16. 0-0 Kh8 17. h3 Bh5 18. g4 Bg6 19. Nc3 Qc8 20. Ne1 Ne6 21. Be3 Bg5 22. Nd3 Bxe3 23. Qxe3 Nd4 24. Rfc1 Qd8 25. Ne2 Ne6 26. Kg2 f6 27. Nb4 Nc5 28. f3 Bf7 29. Rd1 Be6 30. Qd2 Bc4 31. Nc3 Qe8 32. Qxd6 Ne6 33. Ncd5 Rd8 34. Qe7 Nf4+ 35. Kh2 Qxe7 36. Nxe7 Be2 37. Rxd8 Rxd8 38. Kg3 Rd2 39. Ned5 g5 40. Ne3 Bc4 41. Rd1 Re2 42. Rd8+ Bg8 43. Nbd5 Rd2 44. h4 h6 45. Rf8 Kg7 46. Rd8 gxh4+ 47. Kxh4 Bxd5 48. exd5 Ng6+ 49. Kg3 Nf4 50. Nf5+ Kf7 51. Rd7+ Ke8 52. Rxb7 Rg2+ 53. Kh4 Rh2+ 54. Kg3 1/2-1/2

[Event "Porec op 12th"]
[Site "Porec"]
[Date "2012.12.07"]
[Round "3"]
[White "Kukurin, Luka"]
[Black "Babic, Radoslav"]
[Result "1-0"]
[WhiteElo "1802"]
[BlackElo "2177"]
[PlyCount "79"]
[EventDate "2012.12.06"]
[EventType "swiss"]
[EventRounds "7"]
[EventCountry "CRO"]
[SourceTitle "CBM 151 Extra"]
[Source "ChessBase"]
[SourceDate "2012.12.18"]
[SourceVersion "1"]
[SourceVersionDate "2012.12.18"]
[SourceQuality "1"]

1. e4 e5 2. Nf3 Nf6 3. d4 exd4 4. e5 Ne4 5. Qxd4 d5 6. exd6 Nxd6 7. Bd3 Nc6 8. Qf4 Be7 9. Nc3 Be6 10. Bd2 Qd7 11. 0-0-0 h6 12. h4 0-0-0 13. Qa4 Kb8 14. Be3 Qe8 15. Nb5 Nc8 16. Bf4 Rd7 17. Ne5 Nxe5 18. Bxe5 f6 19. Bg3 a6 20. Nc3 Qf7 21. Rhe1 Rhd8 22. Qa5 Na7 23. Bxa6 Rxd1+ 24. Nxd1 Bd6 25. Bxd6 Rxd6 26. Be2 Nc6 27. Qc3 Nd4 28. Ne3 Qd7 29. Bc4 Bxc4 30. Qxc4 Rc6 31. Qg8+ Ka7 32. Kb1 f5 33. Nc4 Ne2 34. Ne5 Nc3+ 35. bxc3 Rb6+ 36. Kc1 Qa4 37. Qc4 Qa3+ 38. Kd2 Qd6+ 39. Qd3 Qf6 40. Nd7 1-0

[Event "Porec op 12th"]
[Site "Porec"]
[Date "2012.12.07"]
[Round "4"]
[White "Samovojska, Damir"]
[Black "Kukurin, Luka"]
[Result "1/2-1/2"]
[WhiteElo "2225"]
[BlackElo "1802"]
[PlyCount "36"]
[EventDate "2012.12.06"]
[EventType "swiss"]
[EventRounds "7"]
[EventCountry "CRO"]
[SourceTitle "CBM 151 Extra"]
[Source "ChessBase"]
[SourceDate "2012.12.18"]
[SourceVersion "1"]
[SourceVersionDate "2012.12.18"]
[SourceQuality "1"]

1. d4 Nf6 2. Nf3 d5 3. e3 e6 4. c4 c6 5. Nc3 Nbd7 6. Bd2 Bd6 7. Bd3 dxc4 8. Bxc4 b5 9. Bd3 0-0 10. 0-0 a6 11. Ng5 e5 12. Nge4 Qc7 13. Nxd6 Qxd6 14. Ne4 Nxe4 15. Bxe4 exd4 16. exd4 Nf6 17. Bf3 Qxd4 18. Qc2 Be6 1/2-1/2

[Event "CRO-ch U17"]
[Site "Topusko"]
[Date "2012.07.25"]
[Round "4"]
[White "Mesar, Antun"]
[Black "Kukurin, Luka"]
[Result "1-0"]
[WhiteElo "1655"]
[BlackElo "1816"]
[PlyCount "149"]
[EventDate "2012.??.??"]
[EventType "swiss"]
[EventRounds "9"]
[EventCountry "CRO"]
[SourceTitle "EXT 2013"]
[Source "ChessBase"]
[SourceDate "2012.11.22"]
[SourceVersion "1"]
[SourceVersionDate "2012.11.22"]
[SourceQuality "1"]

1. e4 c5 2. Nf3 a6 3. d4 cxd4 4. Nxd4 Nf6 5. Nc3 e5 6. Nb3 Bb4 7. Bd2 0-0 8. Bc4 Bxc3 9. Bxc3 Nxe4 10. Bxe5 Nxf2 11. Qh5 d6 12. Kxf2 dxe5 13. Rhe1 Nc6 14. Rad1 Qb6+ 15. Kf1 Be6 16. Bd3 f5 17. Qe2 e4 18. Bc4 Ne5 19. Bxe6+ Qxe6 20. Kg1 Ng4 21. Rd4 Qe5 22. g3 Rac8 23. Red1 Qc7 24. c3 Ne5 25. Rd5 Nd3 26. Nd4 Qc4 27. Nxf5 Rf7 28. Rd4 Qxa2 29. Qxe4 Rcf8 30. Ne7+ Kh8 31. R4xd3 Qxb2 32. Rd8 Qxc3 33. Rxf8+ Rxf8 34. Nf5 Qc5+ 35. Kh1 Qc8 36. Qe5 Qc6+ 37. Kg1 Qb6+ 38. Qd4 Qxd4+ 39. Nxd4 Kg8 40. Rb1 b5 41. Ra1 Rf6 42. Nb3 Kf7 43. Nc5 Ke7 44. Nxa6 Kd6 45. Rb1 Kc6 46. Nb8+ Kc7 47. Rxb5 Rf8 48. Na6+ Kc6 49. Rb2 Ra8 50. Nb4+ Kc5 51. Nd3+ Kd4 52. Nf4 g5 53. Ne6+ Kc3 54. Rb7 g4 55. Rxh7 Kd3 56. Nf4+ Ke3 57. Re7+ Kf3 58. Re1 Ra2 59. Rf1+ Ke4 60. Rf2 Ra3 61. Kg2 Kf5 62. h3 gxh3+ 63. Kxh3 Kg5 64. Ne6+ Kg6 65. Kg4 Ra4+ 66. Rf4 Ra6 67. Nf8+ Kg7 68. Kg5 Ra5+ 69. Rf5 Rxf5+ 70. Kxf5 Kxf8 71. Kf6 Kg8 72. Kg6 Kh8 73. g4 Kg8 74. g5 Kh8 75. Kf7 1-0

[Event "CRO-ch U17"]
[Site "Topusko"]
[Date "2012.07.24"]
[Round "3"]
[White "Kukurin, Luka"]
[Black "Petrusic, Toni"]
[Result "0-1"]
[WhiteElo "1816"]
[BlackElo "2248"]
[PlyCount "86"]
[EventDate "2012.??.??"]
[EventType "swiss"]
[EventRounds "9"]
[EventCountry "CRO"]
[SourceTitle "EXT 2013"]
[Source "ChessBase"]
[SourceDate "2012.11.22"]
[SourceVersion "1"]
[SourceVersionDate "2012.11.22"]
[SourceQuality "1"]

1. g3 Nf6 2. Bg2 g6 3. c4 Bg7 4. Nf3 0-0 5. 0-0 d6 6. Nc3 Nbd7 7. d3 e5 8. Rb1 h6 9. b4 Nh5 10. Qb3 Kh7 11. Ba3 c6 12. Ne4 Qe7 13. c5 d5 14. Nd6 a6 15. e4 Ndf6 16. Nxc8 Raxc8 17. Bb2 d4 18. Nd2 Nd7 19. Rbe1 Rb8 20. Nc4 Nhf6 21. f4 b5 22. Na5 Rbc8 23. a4 Ng4 24. Bc1 Ne3 25. Bxe3 dxe3 26. f5 h5 27. Rxe3 Nxc5 28. bxc5 Qxc5 29. d4 exd4 30. Rd3 Qb6 31. Nc4 Qc7 32. Nd2 Bh6 33. fxg6+ fxg6 34. Rxf8 Rxf8 35. Rf3 Qe7 36. Rxf8 Qxf8 37. axb5 Bxd2 38. bxc6 Be3+ 39. Kh1 Qf2 40. Qb1 d3 41. Qf1 d2 42. c7 Qxf1+ 43. Bxf1 d1Q 0-1